Detalles MARC
| 000 -LIDER |
| fixed length control field |
01873nam a2200397 a 4500 |
| 001 - NÚMERO DE CONTROL |
| Identificador de número de control |
00252 |
| 003 - IDENTIFICACDOR DE NÚMERO DE CONTROL |
| control field |
DO-SdBNP |
| 005 - DATE AND TIME OF LATEST TRANSACTION |
| control field |
20180313110944.0 |
| 007 - CAMPOS FIJOS DE DESCRIPCIÓN FÍSICA |
| fixed length control field |
00252 |
| 008 - ELEMENTOS DE LONGITUD FIJA |
| fixed length control field |
091118s2004 dr 2008 000 0 spa d |
| 020 ## - ISBN |
| International Standard Book Number |
8482616765 (v.1) Texto |
| 020 ## - ISBN |
| International Standard Book Number |
8482616447 (v.2) Cuaderno |
| 020 ## - ISBN |
| International Standard Book Number |
8482616528 (v.3) Álbum |
| 040 ## - FUENTE DE CATALOGACIÓN |
| Agencia que crea de manera original el registro |
BPMSU |
| Idioma de catalogación |
spa |
| Agencia que realiza la transcripción |
BPMSU |
| 092 ## - LOCALLY ASSIGNED DEWEY DECIMAL CALL NUMBER |
| Número de clasificación |
372.83 |
| Número de ítem (Cutter) |
L318s 8vo. 2004 |
| 100 1# - ASIENTO PRINCIPAL -- NOMBRE PERSONAL |
| Nombre personal |
Lora H., Quisqueya |
| 245 1# - MENCIÓN DE TITULO |
| Título |
Sociedad 8 : |
| Subtítulo |
básica / |
| Mención de responsabilidad |
Quisqueya Lora, Marcos Morales ; editora Margarita Castro Catrain |
| 260 ## - PUBLICACIÓN, DISTRIBUCIÓN, ETC. (PIE DE IMPRENTA) |
| Lugar de publicación, distribución, etc |
Santo Domingo : |
| Nombre del editor, distribuidor, etc. |
Santillana, |
| Fecha de publicación, distribución, etc |
2004. |
| 300 ## - DESCRIPCIÓN FÍSICA |
| Extensión |
3 v. : |
| Otros detalles físicos |
il., mapas., retrs. ; |
| Dimensiones |
28 cm. |
| 490 1# - MENCIÓN DE SERIES |
| Mención de serie |
Ámbar |
| 505 0# - NOTA DE CONTENIDO |
| Información miscelánea |
v.7. |
| Título |
Unidad 1 -- |
| -- |
Los inicios del siglo XX -- |
| -- |
Unidad 2 -- |
| -- |
Las pugnas caudillistas -- |
| -- |
Unidad 3 -- |
| -- |
Las intervención de 1916 -- |
| -- |
Unidad 4 -- |
| -- |
Ascenso de Trujillo -- |
| -- |
Unidad 5 -- |
| -- |
Crisis final de la dictadura -- |
| -- |
Unidad 6 -- |
| -- |
El Caribe en el siglo XX -- |
| -- |
Unidad 7 -- |
| -- |
El país entre 1961 y 1966 -- |
| -- |
Unidad 8 -- |
| -- |
Los doce años de Balaguer -- |
| -- |
Unidad 9 -- |
| -- |
Evolución política reciente -- |
| -- |
Unidad 10 -- |
| -- |
La eonomía dominicana hoy -- |
| -- |
Unidad 11 -- |
| Mención de responsabilidad |
La cultura dominicana -- |
| Campo enlazado y núm. de secuencia |
Unidad 12 -- |
| Texto normalizado de contenido |
La organizaición del espacio |
| 650 #4 - ENCABEZAMIENTO DE MATERIA--TEMÁTICO |
| Término temático o nombre geográfico como elemento de entrada |
CIENCIAS SOCIALES |
| Subdivisión temática general |
ENSEÑANZA BÁSICA |
| 650 #4 - ENCABEZAMIENTO DE MATERIA--TEMÁTICO |
| Término temático o nombre geográfico como elemento de entrada |
CIENCIAS SOCIAIS |
| Subdivisión temática general |
EDUCACIÓN PRIMARIA |
| 650 #4 - ENCABEZAMIENTO DE MATERIA--TEMÁTICO |
| Término temático o nombre geográfico como elemento de entrada |
CIENCIAS SOCIALES |
| Subdivisión temática general |
LIBROS DE TEXTOS |
| 650 #4 - ENCABEZAMIENTO DE MATERIA--TEMÁTICO |
| Término temático o nombre geográfico como elemento de entrada |
CIENCIAS SOCIALES |
| Subdivisión temática general |
ESTUDIOS Y EJERCICIOS |
| 650 #4 - ENCABEZAMIENTO DE MATERIA--TEMÁTICO |
| Término temático o nombre geográfico como elemento de entrada |
EDUCACIÓN PRIMARIA |
| Subdivisión geográfica |
REPÚBLICA DOMINICANA |
| 700 12 - ASIENTO SECUNDARIO -- NOMBRE PERSONAL |
| Nombre personal |
Morales, Marcos |
| 700 12 - ASIENTO SECUNDARIO -- NOMBRE PERSONAL |
| Nombre personal |
Castro Catrain, Margarita, |
| Mención de responsabilidad |
ed. |
| 830 #0 - ASIENTO SECUNDARIO DE SERIE--TÍTULO UNIFORME |
| Título uniforme |
Ámbar |
| 910 ## - VALIDACIÓN |
| Validación |
Validado. Control de calidad MFF |
| 942 ## - ADDED ENTRY ELEMENTS (KOHA) |
| Source of classification or shelving scheme |
Dewey Decimal Classification |
| Koha item type |
Libros |
| 945 ## - INFORMACIÓN DE PROCESAMIENTO LOCAL |
| Información de procesamiento local |
Remanejado para la BNPHU / 2018 BT |
| 956 ## - LOCAL ELECTRONIC LOCATION AND ACCESS (OCLC) |
| Nombre de host |
YLOCKWARD |
| Número de acceso |
10 |
| Información de compresión |
20150622 |
| Inicio de sesión |
BND01 |
| Procesador de solicitud |
1356 |
| 956 ## - LOCAL ELECTRONIC LOCATION AND ACCESS (OCLC) |
| Nombre de host |
VMATEO |
| Número de acceso |
10 |
| Información de compresión |
20150701 |
| Inicio de sesión |
BPMSU |
| Procesador de solicitud |
00151 |
| 956 ## - LOCAL ELECTRONIC LOCATION AND ACCESS (OCLC) |
| Nombre de host |
BTAVÁREZ |
| Número de acceso |
10 |
| Información de compresión |
20160414 |
| Inicio de sesión |
00252 |